| 000 | 00000nam##2200000za#4500 |
| 001 | 9.564242 |
| 003 | CaOODSP |
| 005 | 20240527135426 |
| 007 | cr ||||||||||| |
| 008 | 150406|2008||||xxc|||||o f|0| 0 eng|d |
| 020 | |a978-1-100-10169-9 |
| 040 | |aCaOODSP|beng |
| 043 | |an-cn--- |
| 086 | 1 |aCW69-16/24-2008E-PDF |
| 110 | 2 |aCanadian Wildlife Service. |
| 245 | 10|aMigratory Birds Regulations in Canada, July 2008 |h[electronic resource] |
| 260 | |aOttawa - Ontario : |bEnvironment Canada. |cJuly 2008. |
| 300 | |a48p.|bmaps, tables |
| 490 | 1 |aCWS migratory birds regulatory report |vNo. 24 |
| 590 | |a09-37|b2009-09-11 |
| 690 | 07|aMigratory birds|2gcpds |
| 775 | 08|tRèglement sur les oiseaux migrateurs au Canada, juillet 2008 |w(CaOODSP)9.596020 |
| 830 | #0|aCWS migratory birds regulatory report ;|vNo. 24|w(CaOODSP)9.505137 |
| 856 | 40|ahttp://publications.gc.ca|qPDF|s2301 KB|uhttps://publications.gc.ca/collections/collection_2009/ec/CW69-16-24-2008E.pdf|yNo. 24 |